[Event "Arad op-B 14th"]
[Site "Arad"]
[Date "2021.08.06"]
[Round "9"]
[White "Sandor, Tamas1111"]
[Black "Cristocea, Gabriela"]
[Result "1-0"]
[WhiteElo "1964"]
[BlackElo "1740"]
[PlyCount "22"]
[EventDate "2021.07.30"]
[EventType "swiss"]
[EventRounds "9"]
[EventCountry "ROU"]
[SourceTitle "EXT 2022"]
[Source "ChessBase"]
[SourceDate "2021.10.06"]
[SourceVersion "1"]
[SourceVersionDate "2021.10.06"]
[SourceQuality "1"]

1. g3 Nf6 2. Bg2 g6 3. e4 d6 4. Ne2 Bg7 5. 0-0 0-0 6. d4 e5 7. c3 Nc6 8. Nd2 Ne8 9. dxe5 dxe5 10. Qc2 Nd6 11. b3 Qe7 1-0

[Event "ROM-ch U20 Girls"]
[Site "Mamaia"]
[Date "2021.04.09"]
[Round "3"]
[White "Cristocea, Gabriela"]
[Black "Mos, Maria Magdalena"]
[Result "1/2-1/2"]
[WhiteElo "1757"]
[BlackElo "1517"]
[PlyCount "70"]
[EventDate "2021.04.07"]
[EventType "swiss"]
[EventRounds "9"]
[EventCountry "ROU"]
[SourceTitle "EXT 2022"]
[Source "ChessBase"]
[SourceDate "2021.10.06"]
[SourceVersion "1"]
[SourceVersionDate "2021.10.06"]
[SourceQuality "1"]

1. d4 d5 2. c4 e6 3. Nc3 c6 4. Nf3 Nf6 5. Bg5 Be7 6. e3 0-0 7. Qc2 Nbd7 8. Bd3 h6 9. Bh4 b6 10. Rd1 Bb7 11. 0-0 c5 12. Ne5 Nxe5 13. dxe5 Ng4 14. Bg3 Bh4 15. cxd5 exd5 16. Nxd5 Qg5 17. Bf5 Bxg3 18. hxg3 Qh5 19. Bxg4 Qxg4 20. Rd2 Qg5 21. Qc3 Rad8 22. Rfd1 Kh8 23. a4 Rfe8 24. Nc7 Rxd2 25. Rxd2 Rxe5 26. f4 Qxg3 27. Rd8+ Kh7 28. Qc2+ Be4 29. Qd2 Re7 30. Nb5 Bc6 31. Rd3 a6 32. Nd6 Rd7 33. Ne4 Rxd3 34. Qxd3 Qe1+ 35. Kh2 Qh4+ 1/2-1/2

[Event "FIDE World Uni Rapid-D 1st"]
[Site "Tornelo INT"]
[Date "2021.03.20"]
[Round "2"]
[White "Giannoulakis, Labros"]
[Black "Cristocea, Gabriela"]
[Result "1-0"]
[WhiteElo "2325"]
[BlackElo "1757"]
[PlyCount "65"]
[EventDate "2021.03.20"]
[EventType "swiss (rapid)"]
[EventRounds "12"]
[EventCountry "NET"]
[SourceTitle "EXT 2022"]
[Source "ChessBase"]
[SourceDate "2021.10.06"]
[SourceVersion "1"]
[SourceVersionDate "2021.10.06"]
[SourceQuality "1"]

1. d4 d5 2. c4 c6 3. Nf3 Nf6 4. e3 a6 5. Nbd2 Nbd7 6. Bd3 g6 7. 0-0 Bg7 8. b3 0-0 9. Bb2 Qc7 10. Qe2 Re8 11. Rfd1 e5 12. dxe5 Ng4 13. cxd5 Ngxe5 14. Nxe5 Nxe5 15. dxc6 Qxc6 16. Nc4 Nxd3 17. Rxd3 Bf5 18. Rd6 Qc7 19. Bxg7 Kxg7 20. Qb2+ Kg8 21. Rad1 b5 22. Nb6 Rad8 23. Rxd8 Rxd8 24. Nd5 Qd6 25. Qd4 Rd7 26. g4 Bc2 27. Rd2 Qe6 28. Nf6+ Qxf6 29. Qxd7 Qa1+ 30. Kg2 Be4+ 31. f3 Bxf3+ 32. Kxf3 Qf6+ 33. Kg2 1-0

[Event "FIDE World Uni Blitz-A 1st"]
[Site "Tornelo INT"]
[Date "2021.03.13"]
[Round "10.37"]
[White "Lage, Pedro Ferreira"]
[Black "Cristocea, Gabriela"]
[Result "1-0"]
[WhiteElo "2123"]
[BlackElo "1757"]
[PlyCount "31"]
[EventDate "2021.03.13"]
[EventType "swiss (blitz)"]
[EventRounds "10"]
[EventCountry "NET"]
[SourceTitle "EXT 2022"]
[Source "ChessBase"]
[SourceDate "2021.10.06"]
[SourceVersion "1"]
[SourceVersionDate "2021.10.06"]
[SourceQuality "1"]

1. Nf3 d5 2. g3 c6 3. Bg2 Nf6 4. 0-0 Bg4 5. d4 Nbd7 6. Nbd2 e6 7. Re1 Be7 8. e4 dxe4 9. Nxe4 0-0 10. c3 Nb6 11. Bg5 Nbd5 12. Qb3 Rb8 13. Ne5 h6 14. Bxf6 Nxf6 15. Nxf6+ Bxf6 16. Nxg4 1-0

[Event "ROM-chT (Women)"]
[Site "Mamaia"]
[Date "2019.09.29"]
[Round "7.12"]
[White "Cristocea, Gabriela"]
[Black "Anton, Roxana Ana"]
[Result "1-0"]
[WhiteElo "1765"]
[BlackElo "1873"]
[PlyCount "71"]
[EventDate "2019.09.21"]
[EventType "team-tourn"]
[EventRounds "7"]
[EventCountry "ROU"]
[SourceTitle "EXT 2020"]
[Source "ChessBase"]
[SourceDate "2019.10.17"]
[SourceVersion "1"]
[SourceVersionDate "2019.10.17"]
[SourceQuality "1"]

1. d4 Nf6 2. c4 e6 3. Nf3 Bb4+ 4. Bd2 Qe7 5. g3 0-0 6. Bg2 a5 7. 0-0 Nc6 8. a3 Bxd2 9. Qxd2 d6 10. Nc3 e5 11. Nd5 Nxd5 12. cxd5 Nb8 13. dxe5 dxe5 14. Rac1 f6 15. Rfd1 Rd8 16. Qc2 c6 17. Ne1 cxd5 18. Bxd5+ Kh8 19. Qxc8 Nc6 20. Qe6 Qxe6 21. Bxe6 Nd4 22. Bc4 b5 23. e3 bxc4 24. exd4 Rab8 25. Rxc4 exd4 26. Rcxd4 Re8 27. R4d2 g6 28. Nf3 a4 29. Nd4 Rb6 30. Nc2 Rxb2 31. Rd8 Rxd8 32. Rxd8+ Kg7 33. Nb4 Rb3 34. Rd3 Kf7 35. Rxb3 axb3 36. Nd3 1-0

[Event "ROM-ch U18 Girls"]
[Site "Calimanesti Caciulata"]
[Date "2019.04.17"]
[Round "3"]
[White "Cristocea, Gabriela"]
[Black "Mos, Maria Magdalena"]
[Result "1-0"]
[WhiteElo "1724"]
[BlackElo "1524"]
[PlyCount "117"]
[EventDate "2019.04.15"]
[EventType "swiss"]
[EventRounds "9"]
[EventCountry "ROU"]
[SourceTitle "CBM 190 Extra"]
[Source "ChessBase"]
[SourceDate "2019.07.15"]
[SourceVersion "1"]
[SourceVersionDate "2019.07.15"]
[SourceQuality "1"]

1. d4 d5 2. c4 c6 3. Nc3 Nf6 4. Nf3 e6 5. Bg5 h6 6. Bh4 Be7 7. e3 0-0 8. cxd5 Nxd5 9. Nxd5 exd5 10. Bxe7 Qxe7 11. Qc2 Be6 12. Be2 Nd7 13. 0-0 Bg4 14. Rab1 a5 15. Rfc1 Bh5 16. Ne1 Bxe2 17. Qxe2 Rfc8 18. Nd3 Rc7 19. Qd2 Nf6 20. b4 Ne4 21. Qc2 axb4 22. Nxb4 Qe6 23. Nd3 Rac8 24. Rb6 Qe7 25. Rcb1 Nd6 26. Nc5 Nc4 27. R6b3 b6 28. Na6 Ra7 29. Qf5 Nd6 30. Qd3 Nc4 31. Nb4 Na5 32. Rc3 Nc4 33. e4 Qd6 34. exd5 cxd5 35. Qf5 Rd8 36. h4 Nd2 37. Rb2 Nc4 38. Rbb3 Nd2 39. Nc6 Rc7 40. Nxd8 Nxb3 41. Rxc7 Qxc7 42. Qxf7+ Qxf7 43. Nxf7 Kxf7 44. axb3 Ke6 45. g4 g5 46. Kg2 Kd6 47. Kg3 Kc6 48. f4 gxf4+ 49. Kxf4 Kb5 50. g5 hxg5+ 51. hxg5 Kb4 52. g6 Kxb3 53. g7 Kc4 54. Ke3 b5 55. g8Q b4 56. Qc8+ Kb5 57. Qc5+ Ka4 58. Qxd5 b3 59. Qxb3+ 1-0

[Event "ROM-chT (Women)"]
[Site "Sovata"]
[Date "2018.11.26"]
[Round "2.4"]
[White "Cristocea, Gabriela"]
[Black "Nastase, Andreea Cristina"]
[Result "1/2-1/2"]
[WhiteElo "1843"]
[BlackElo "1900"]
[PlyCount "105"]
[EventDate "2018.11.25"]
[EventType "team-tourn"]
[EventRounds "7"]
[EventCountry "ROU"]
[SourceTitle "CBM 187 Extra"]
[Source "ChessBase"]
[SourceDate "2018.11.04"]
[SourceVersion "1"]
[SourceVersionDate "2018.11.04"]
[SourceQuality "1"]
[WhiteTeam "Sanandrei (W)"]
[BlackTeam "Bucharest Central CC (W)"]
[WhiteTeamCountry "ROU"]
[BlackTeamCountry "ROU"]

1. d4 d5 2. c4 dxc4 3. e4 e6 4. Bxc4 Nf6 5. Nc3 a6 6. e5 Nd5 7. Nxd5 exd5 8. Be2 Bb4+ 9. Bd2 Bxd2+ 10. Qxd2 Nc6 11. Nf3 Bf5 12. Rc1 Qe7 13. 0-0 0-0 14. a3 h6 15. Qc3 Bg4 16. Rfe1 Rfd8 17. b4 Rac8 18. Bxa6 Nxb4 19. Bxb7 Rb8 20. Qxc7 Rxb7 21. Qxe7 Rxe7 22. axb4 Bxf3 23. gxf3 Rb7 24. Rb1 Rdb8 25. Red1 Rxb4 26. Rxb4 Rxb4 27. Kg2 Kf8 28. Rd3 Ke7 29. Kg3 Ke6 30. Rd1 Kf5 31. h4 g5 32. hxg5 hxg5 33. Rd3 Ra4 34. Kg2 Kf4 35. Kf1 Rb4 36. Ke1 g4 37. fxg4 Kxg4 38. Ke2 Rb2+ 39. Ke3 Kf5 40. Ra3 Rb7 41. f3 Rb6 42. Ra5 Rb3+ 43. Ke2 Rb2+ 44. Ke3 Rb3+ 45. Kf2 Kf4 46. Rxd5 Rxf3+ 47. Kg2 Ke4 48. Rd7 Rd3 49. Rxf7 Rxd4 50. e6 Rd8 51. Kg3 Re8 52. e7 Ke5 53. Kg4 1/2-1/2

[Event "ROM-ch U18 Girls"]
[Site "Calimanesti"]
[Date "2018.03.27"]
[Round "1"]
[White "Balan, Briana Cleopatra"]
[Black "Cristocea, Gabriela"]
[Result "1-0"]
[WhiteElo "1827"]
[BlackElo "1525"]
[PlyCount "71"]
[EventDate "2018.03.27"]
[EventType "swiss"]
[EventRounds "9"]
[EventCountry "ROU"]
[SourceTitle "CBM 183 Extra"]
[Source "ChessBase"]
[SourceDate "2018.04.19"]
[SourceVersion "1"]
[SourceVersionDate "2018.04.19"]
[SourceQuality "1"]

1. e4 e6 2. d4 d5 3. Nd2 Nc6 4. Ngf3 Nf6 5. e5 Nd7 6. c4 f6 7. cxd5 exd5 8. Bb5 fxe5 9. dxe5 Be7 10. 0-0 0-0 11. Re1 Nb6 12. h3 a6 13. Bxc6 bxc6 14. Nb3 c5 15. Bd2 Nc4 16. Bc3 d4 17. Na5 Nxa5 18. Bxa5 Be6 19. b4 Ra7 20. bxc5 Bxc5 21. Qc2 Be7 22. Rad1 Bxh3 23. Qb3+ Kh8 24. gxh3 Qa8 25. Kg2 c5 26. Qd3 Qc6 27. Qe4 Qh6 28. Bd2 Qh5 29. Qg4 Qf7 30. e6 Qe8 31. Ne5 Rf6 32. Bg5 Rf8 33. Nf7+ Kg8 34. Bh6 Bf6 35. Kf1 Qe7 36. Bf4 1-0

[Event "ROM-chT (Women)"]
[Site "Baile Govora"]
[Date "2017.11.17"]
[Round "7.3"]
[White "Ionescu, Irina"]
[Black "Cristocea, Gabriela"]
[Result "1-0"]
[WhiteElo "2249"]
[BlackElo "1559"]
[PlyCount "135"]
[EventDate "2017.11.11"]
[EventType "team-tourn"]
[EventRounds "9"]
[EventCountry "ROU"]
[SourceTitle "CBM 181 Extra"]
[Source "ChessBase"]
[SourceDate "2017.12.12"]
[SourceVersion "1"]
[SourceVersionDate "2017.12.12"]
[SourceQuality "1"]
[WhiteTeam "Bucharest CSM (W)"]
[BlackTeam "Sanandrei (W)"]
[WhiteTeamCountry "ROU"]
[BlackTeamCountry "ROU"]

1. d4 Nf6 2. Nf3 e6 3. Bf4 b6 4. e3 Bb7 5. Bd3 c5 6. c3 Nc6 7. Nbd2 Nh5 8. Bg5 Be7 9. Bxe7 Qxe7 10. 0-0 d5 11. Bb5 Nf6 12. Ne5 Rc8 13. Qa4 Qc7 14. Qxa7 0-0 15. Bxc6 Bxc6 16. Qxc7 Rxc7 17. Nxc6 Rxc6 18. f3 Rd8 19. Rfc1 g6 20. Kf2 cxd4 21. exd4 Kf8 22. a4 Ra8 23. b4 Nd7 24. Ke3 Ke7 25. Kd3 Rac8 26. a5 b5 27. Nb3 Ra6 28. g4 h6 29. h4 Rg8 30. Ra2 h5 31. Rg1 hxg4 32. fxg4 Rh8 33. Rh2 g5 34. h5 Rh6 35. Rf2 Rh7 36. Rgf1 Ke8 37. Nd2 Ke7 38. Nb1 Ra8 39. Na3 Rb8 40. Ra2 Rhh8 41. a6 Rb6 42. Nc2 Nf6 43. Ne3 Ne4 44. a7 Ra8 45. h6 Rc6 46. Nd1 Rcc8 47. Ra5 Rh8 48. Rh1 Nd6 49. Ne3 Kd7 50. Rh5 Ne4 51. Rxb5 Rxa7 52. Nxd5 Nd6 53. Nf6+ Ke7 54. Rb6 Nc8 55. Rb8 Kxf6 56. b5 Re7 57. b6 Ree8 58. b7 Ne7 59. Rxe8 Rxe8 60. h7 Ng6 61. Kc4 Ke7 62. Kc5 Kd7 63. Kb6 Kd6 64. c4 Rh8 65. c5+ Kd7 66. c6+ Kd6 67. c7 Ne7 68. b8Q 1-0

[Event "ROM-ch (Women)"]
[Site "Calimanesti Caciulata"]
[Date "2017.04.02"]
[Round "9"]
[White "Cristocea, Gabriela"]
[Black "Didiliuc, Dariana Gabriela"]
[Result "1-0"]
[WhiteElo "1498"]
[BlackElo "1876"]
[PlyCount "98"]
[EventDate "2017.03.25"]
[EventType "swiss"]
[EventRounds "9"]
[EventCountry "ROU"]
[SourceTitle "CBM 177 Extra"]
[Source "ChessBase"]
[SourceDate "2017.04.27"]
[SourceVersion "1"]
[SourceVersionDate "2017.04.27"]
[SourceQuality "1"]

1. d4 Nf6 2. c4 g6 3. Nc3 Bg7 4. e4 d6 5. f3 0-0 6. Be3 e5 7. d5 Ne8 8. Qd2 f5 9. g3 Nf6 10. 0-0-0 Na6 11. Bd3 Nc5 12. Bc2 a5 13. Bh6 f4 14. Bxg7 Kxg7 15. gxf4 exf4 16. Qg2 Nfd7 17. Na4 Na6 18. h4 Ne5 19. Qe2 Bd7 20. h5 g5 21. Nh3 h6 22. Rdg1 Kh8 23. a3 Qf6 24. Nf2 Rab8 25. Nc3 c6 26. Rd1 Nc5 27. Rd2 Rfd8 28. Rhd1 Be8 29. Ng4 Nxg4 30. fxg4 Bf7 31. dxc6 bxc6 32. e5 Qe6 33. Rxd6 Rxd6 34. Rxd6 Qe8 35. Rxh6+ Kg7 36. Rd6 Ne6 37. Qe4 Nf8 38. Qf5 Qe7 39. Ne4 Ne6 40. Nf6 Qb7 41. Qh7+ Kf8 42. Nd7+ Ke7 43. Nxb8 Qxb8 44. Bg6 Nd8 45. Rxd8 Qxe5 46. Rd2 Qe1+ 47. Kc2 Qe6 48. Bxf7 Qxf7 49. Qxf7+ Kxf7 1-0

[Event "ROM-ch (Women)"]
[Site "Calimanesti Caciulata"]
[Date "2017.03.29"]
[Round "5"]
[White "Firaru, Roxana Maria"]
[Black "Cristocea, Gabriela"]
[Result "1-0"]
[WhiteElo "1835"]
[BlackElo "1498"]
[PlyCount "57"]
[EventDate "2017.03.25"]
[EventType "swiss"]
[EventRounds "9"]
[EventCountry "ROU"]
[SourceTitle "CBM 177 Extra"]
[Source "ChessBase"]
[SourceDate "2017.04.27"]
[SourceVersion "1"]
[SourceVersionDate "2017.04.27"]
[SourceQuality "1"]

1. e4 e6 2. d4 d5 3. exd5 exd5 4. c4 Nf6 5. Nc3 Be6 6. c5 Be7 7. Nf3 Nbd7 8. Bd3 c6 9. 0-0 Qc7 10. Re1 h6 11. Ne2 g5 12. Ng3 b6 13. b4 0-0-0 14. a4 g4 15. Nh4 Ne4 16. Nhf5 Ndf6 17. Nxe7+ Qxe7 18. Bf4 Nxg3 19. Bxg3 bxc5 20. bxc5 Kd7 21. Bd6 Qe8 22. Rb1 Ra8 23. Rb7+ Kd8 24. Qb3 Nd7 25. Ba6 Qg8 26. Qb4 Ke8 27. Rxd7 Kxd7 28. Qb7+ Kd8 29. Qe7# 1-0

[Event "ROM-ch (Women)"]
[Site "Calimanesti Caciulata"]
[Date "2017.03.27"]
[Round "3"]
[White "Dragomirescu, Angela"]
[Black "Cristocea, Gabriela"]
[Result "1-0"]
[WhiteElo "2210"]
[BlackElo "1498"]
[PlyCount "67"]
[EventDate "2017.03.25"]
[EventType "swiss"]
[EventRounds "9"]
[EventCountry "ROU"]
[SourceTitle "CBM 177 Extra"]
[Source "ChessBase"]
[SourceDate "2017.04.27"]
[SourceVersion "1"]
[SourceVersionDate "2017.04.27"]
[SourceQuality "1"]

1. d4 Nf6 2. Nf3 e6 3. g3 b6 4. Bg2 Bb7 5. 0-0 Be7 6. c4 0-0 7. Nc3 d5 8. cxd5 Nxd5 9. Qd2 Nd7 10. Rd1 Qc8 11. e4 Nxc3 12. bxc3 c5 13. d5 exd5 14. exd5 Re8 15. c4 Qc7 16. Bb2 Bf6 17. Bxf6 Nxf6 18. a4 Rad8 19. Ne1 Bc8 20. a5 bxa5 21. Qc3 a4 22. Rxa4 a6 23. Nd3 Qe7 24. Ra5 Nd7 25. Qd2 Qf8 26. Qf4 Re7 27. Bf3 Rde8 28. Kg2 Ne5 29. d6 Nxd3 30. Rxd3 Rd7 31. Rxc5 Red8 32. Rxc8 Rxc8 33. Bg4 Qd8 34. Qf5 1-0

[Event "ROM-ch (Women)"]
[Site "Calimanesti Caciulata"]
[Date "2017.03.26"]
[Round "2"]
[White "Cristocea, Gabriela"]
[Black "Sandu, Mihaela"]
[Result "0-1"]
[WhiteElo "1498"]
[BlackElo "2261"]
[PlyCount "74"]
[EventDate "2017.03.25"]
[EventType "swiss"]
[EventRounds "9"]
[EventCountry "ROU"]
[SourceTitle "CBM 177 Extra"]
[Source "ChessBase"]
[SourceDate "2017.04.27"]
[SourceVersion "1"]
[SourceVersionDate "2017.04.27"]
[SourceQuality "1"]

1. d4 Nf6 2. c4 c5 3. d5 e6 4. Nc3 exd5 5. Nxd5 Nxd5 6. cxd5 g6 7. e4 Bg7 8. Bd3 0-0 9. Ne2 d6 10. 0-0 Nd7 11. Nc3 Ne5 12. Bf4 a6 13. a4 f5 14. Qd2 Nxd3 15. Qxd3 fxe4 16. Qxe4 Bf5 17. Qe3 Qb6 18. Qc1 Bd3 19. Rd1 c4 20. Be3 Qc7 21. a5 Qf7 22. Na4 Rae8 23. Nb6 Rxe3 24. Qxe3 Re8 25. Qf3 Qxf3 26. gxf3 Re2 27. Re1 Rxb2 28. Rac1 Bd4 29. Kh1 Bxf2 30. Re8+ Kf7 31. Rc8 Be2 32. Rc7+ Kf6 33. Nd7+ Kf5 34. h3 Bxf3+ 35. Kh2 Bh4+ 36. Kg1 Rg2+ 37. Kf1 Rh2 0-1

[Event "ROM-ch U16 Girls"]
[Site "Baile Felix"]
[Date "2017.02.04"]
[Round "3"]
[White "Nastase, Andreea Cristina"]
[Black "Cristocea, Gabriela"]
[Result "1-0"]
[WhiteElo "1892"]
[BlackElo "1521"]
[PlyCount "39"]
[EventDate "2017.02.02"]
[EventType "swiss"]
[EventRounds "9"]
[EventCountry "ROU"]
[SourceTitle "CBM 176 Extra"]
[Source "ChessBase"]
[SourceDate "2017.03.02"]
[SourceVersion "1"]
[SourceVersionDate "2017.03.02"]
[SourceQuality "1"]

1. d4 Nf6 2. c4 e6 3. Nc3 b6 4. e4 d5 5. e5 Nfd7 6. cxd5 exd5 7. Nxd5 Bb7 8. Nc3 Be7 9. Nf3 0-0 10. Be2 c5 11. d5 Re8 12. 0-0 Bf8 13. Bf4 g6 14. Bc4 Ba6 15. Qd3 Bxc4 16. Qxc4 Bg7 17. e6 Nf6 18. exf7+ Kxf7 19. Ng5+ Kf8 20. Ne6+ 1-0

[Event "ROM-ch U16 Girls"]
[Site "Baile Felix"]
[Date "2017.02.02"]
[Round "1"]
[White "Ciocan, Maria Alexandra"]
[Black "Cristocea, Gabriela"]
[Result "1-0"]
[WhiteElo "1866"]
[BlackElo "1521"]
[PlyCount "71"]
[EventDate "2017.02.02"]
[EventType "swiss"]
[EventRounds "9"]
[EventCountry "ROU"]
[SourceTitle "CBM 176 Extra"]
[Source "ChessBase"]
[SourceDate "2017.03.02"]
[SourceVersion "1"]
[SourceVersionDate "2017.03.02"]
[SourceQuality "1"]

1. e4 e6 2. d3 d5 3. Nd2 Nf6 4. Ngf3 c5 5. g3 Be7 6. Bg2 0-0 7. 0-0 Qc7 8. e5 Nfd7 9. Re1 Nc6 10. Qe2 b6 11. Nf1 Bb7 12. Bf4 Rfe8 13. h4 Qd8 14. N1h2 Nf8 15. c3 Ng6 16. Bd2 Rc8 17. Ng4 d4 18. h5 Nf8 19. Qe4 f5 20. exf6 Bxf6 21. Nxf6+ Qxf6 22. c4 Qf5 23. Qxf5 exf5 24. Nh4 g6 25. Bd5+ Kg7 26. h6+ Kh8 27. Bg5 Nd7 28. Be6 Ncb8 29. Re2 Rf8 30. Rae1 Rce8 31. Bf4 Bc6 32. Bd6 Rf6 33. Bxd7 Rxe2 34. Rxe2 Nxd7 35. Re8+ Nf8 36. Rxf8+ 1-0

[Event "ROM-chT (Women)"]
[Site "Calimanesti Caciulata"]
[Date "2016.11.26"]
[Round "6.2"]
[White "Cristocea, Gabriela"]
[Black "Coman, Ana Cristina"]
[Result "1-0"]
[WhiteElo "1625"]
[BlackElo "1464"]
[PlyCount "32"]
[EventDate "2016.11.21"]
[EventType "team-tourn"]
[EventRounds "7"]
[EventCountry "ROU"]
[SourceTitle "EXT 2018"]
[Source "ChessBase"]
[SourceDate "2017.10.13"]
[SourceVersion "1"]
[SourceVersionDate "2017.10.13"]
[SourceQuality "1"]
[WhiteTeam "Timisoara CSS (W)"]
[BlackTeam "Ploiesti Universitar (W)"]
[WhiteTeamCountry "ROU"]
[BlackTeamCountry "ROU"]

1. d4 d5 2. c4 e6 3. Nf3 Nf6 4. Bg5 c6 5. e3 Bd6 6. Nc3 h6 7. Bh4 Nbd7 8. cxd5 exd5 9. Bd3 Qc7 10. Qc2 b6 11. 0-0 0-0 12. Rfe1 Bb7 13. Rac1 Rac8 14. Qb1 Qb8 15. Bf5 Rce8 16. e4 dxe4 1-0